000
00251nam a22001217a 4500
003
SGT
082
_a
823
_b
SIN
100
_a
SINGH NIKITA
245
_a
ACCIDENTALLT IN LOVE
260
_a
INDIA
_b
PENGUIN PUB
_c
2014
300
_a
218
942
_2
ddc
_c
BK
999
_c
33780
_d
33780